[Event "23rd OIBM 2019"]
[Site "Gmund am Tegernsee"]
[Date "2019.11.03"]
[Round "9.23"]
[White "Ciolek, Andreas"]
[Black "Piscopo, Pierluigi"]
[Result "1/2-1/2"]
[WhiteElo "2238"]
[BlackElo "2398"]
[Annotator "RC"]
[PlyCount "73"]
[EventDate "2019.10.17"]
[EventType "swiss"]
[EventCountry "GER"]
[SourceTitle "playchess.com"]
[Source "ChessBase"]
[SourceQuality "1"]
[TimeControl "40/5400+30:1800+30"]

1. e4 {[%emt 0:05:39]} c5 {[%emt 0:00:00]} 2. Nf3 {[%emt 0:00:26]} Nc6 {[%emt 0:00:00]} 3. g3 {[%emt 0:00:06]} Nf6 {[%emt 0:06:42]} 4. d3 {[%emt 0:00:29]} g6 {[%emt 0:07:37]} 5. Bg2 {[%emt 0:00:33]} Bg7 {[%emt 0:00:15]} 6. O-O {[%emt 0:00:07]} d5 {[%emt 0:00:13]} 7. Nbd2 {[%emt 0:01:56]} O-O {[%emt 0:00:11]} 8. Re1 {[%emt 0:02:35]} Bg4 {[%emt 0:12:22]} 9. h3 {[%emt 0:04:53]} Bxf3 {[%emt 0:00:15]} 10. Qxf3 {[%emt 0:00:05]} e6 {[%emt 0:01:33]} 11. Nb3 {[%emt 0:08:04]} Rc8 {[%emt 0:13:24]} 12. c4 {[%emt 0:17:22]} dxe4 {[%emt 0:16:59]} 13. dxe4 {[%emt 0:00:55]} Qb6 {[%emt 0:00:08]} 14. Bg5 {[%emt 0:18:20]} Nd7 {[%emt 0:03:13]} 15. Rad1 {[%emt 0:01:01]} h6 {[%emt 0:03:12]} 16. Bc1 {[%emt 0:01:44]} Rfd8 {[%emt 0:00:52]} 17. Qe2 {[%emt 0:03:03]} a5 {[%emt 0:01:28]} 18. f4 {[%emt 0:01:02]} a4 {[%emt 0:07:21]} 19. Na1 {[%emt 0:00:42]} Nd4 {[%emt 0:00:06]} 20. Qf1 {[%emt 0:04:45]} Qa6 {[%emt 0:00:41]} 21. e5 {[%emt 0:02:23]} Nb6 {[%emt 0:00:16]} 22. b3 {[%emt 0:07:32]} axb3 {[%emt 0:01:35]} 23. Nxb3 {[%emt 0:00:06]} Qxa2 {[%emt 0:00:55]} 24. Nxd4 {[%emt 0:07:13]} cxd4 {[%emt 0:01:17]} 25. Bxb7 {[%emt 0:01:06]} Rxc4 {[%emt 0:00:15]} 26. Be3 {[%emt 0:00:35]} Qa7 {[%emt 0:08:38]} 27. Be4 {[%emt 0:01:35]} Ra4 {[%emt 0:00:29]} 28. g4 {[%emt 0:00:32]} Nd5 {[%emt 0:00:38]} 29. Bc1 {[%emt 0:01:03]} Nc3 {[%emt 0:02:51]} 30. Rd3 {[%emt 0:00:18]} Nxe4 {[%emt 0:00:53]} 31. Rxe4 {[%emt 0:00:07]} Ra1 {[%emt 0:00:02]} 32. Re1 {[%emt 0:01:12]} Qc5 {[%emt 0:06:09]} 33. Red1 {[%emt 0:01:08]} Qc2 {[%emt 0:04:06]} 34. Be3 {[%emt 0:01:16]} Rxd1 {[%emt 0:00:26]} 35. Qxd1 {[%emt 0:00:24]} Qxd1+ {[%emt 0:00:06]} 36. Rxd1 {[%emt 0:00:03]} Bf8 {[%emt 0:00:43]} 37. Rxd4 {[%emt 0:00:25]} 1/2-1/2

[Event "23rd OIBM 2019"]
[Site "Gmund am Tegernsee"]
[Date "2019.11.03"]
[Round "9.24"]
[White "Padmini, Rout"]
[Black "Koellner, Ruben Gideon"]
[Result "1-0"]
[WhiteElo "2394"]
[BlackElo "2265"]
[Annotator "RC"]
[PlyCount "97"]
[EventDate "2019.10.17"]
[EventType "swiss"]
[EventCountry "GER"]
[SourceTitle "playchess.com"]
[Source "ChessBase"]
[SourceQuality "1"]
[TimeControl "40/5400+30:1800+30"]

1. Nf3 {[%emt 0:00:00]} Nf6 {[%emt 0:00:00]} 2. g3 {[%emt 0:00:00]} d5 {[%emt 0:00:12]} 3. Bg2 {[%emt 0:00:08]} e6 {[%emt 0:00:04]} 4. O-O {[%emt 0:00:10]} Nbd7 {[%emt 0:00:54]} 5. d4 {[%emt 0:01:20]} b5 {[%emt 0:00:11]} 6. Nbd2 {[%emt 0:07:14]} Bb7 {[%emt 0:01:10]} 7. Nb3 {[%emt 0:08:19]} c5 {[%emt 0:01:19]} 8. c3 {[%emt 0:07:16]} Be7 {[%emt 0:15:58]} 9. Bg5 {[%emt 0:00:24]} Rc8 {[%emt 0:03:12]} 10. dxc5 {[%emt 0:06:03]} Nxc5 {[%emt 0:01:26]} 11. Nxc5 {[%emt 0:00:21]} Bxc5 {[%emt 0:00:32]} 12. Qb3 {[%emt 0:01:23]} a6 {[%emt 0:02:40]} 13. a4 {[%emt 0:00:47]} Qb6 {[%emt 0:00:26]} 14. Bxf6 {[%emt 0:06:01]} gxf6 {[%emt 0:00:06]} 15. axb5 {[%emt 0:00:09]} Qxb5 {[%emt 0:02:38]} 16. Qxb5+ {[%emt 0:01:28]} axb5 {[%emt 0:00:02]} 17. Ra5 {[%emt 0:00:58]} Bc6 {[%emt 0:03:08]} 18. Nd4 {[%emt 0:01:49]} Bxd4 {[%emt 0:08:19]} 19. cxd4 {[%emt 0:00:03]} Kd7 {[%emt 0:01:57]} 20. Rfa1 {[%emt 0:01:14]} Ra8 {[%emt 0:09:42]} 21. Ra7+ {[%emt 0:02:28]} Kd6 {[%emt 0:00:05]} 22. Bf1 {[%emt 0:10:55]} Rhb8 {[%emt 0:03:48]} 23. b4 {[%emt 0:08:38]} Rxa7 {[%emt 0:05:52]} 24. Rxa7 {[%emt 0:00:03]} Bd7 {[%emt 0:00:47]} 25. e3 {[%emt 0:01:00]} Kc6 {[%emt 0:00:19]} 26. Kg2 {[%emt 0:03:16]} Rd8 {[%emt 0:00:22]} 27. Bd3 {[%emt 0:03:37]} Kb6 {[%emt 0:00:18]} 28. Ra2 {[%emt 0:00:46]} f5 {[%emt 0:00:25]} 29. Kh3 {[%emt 0:02:04]} Rc8 {[%emt 0:09:07]} 30. Kh4 {[%emt 0:01:55]} Rc3 {[%emt 0:00:09]} 31. Rd2 {[%emt 0:09:13]} Rb3 {[%emt 0:15:47]} 32. Kg5 {[%emt 0:00:26]} Rxb4 {[%emt 0:00:43]} 33. Kh6 {[%emt 0:01:38]} Ra4 {[%emt 0:05:19]} 34. Kxh7 {[%emt 0:00:26]} f6 {[%emt 0:01:03]} 35. Kg7 {[%emt 0:01:00]} e5 {[%emt 0:01:37]} 36. Kxf6 {[%emt 0:04:36]} exd4 {[%emt 0:01:37]} 37. exd4 {[%emt 0:00:49]} Rxd4 {[%emt 0:00:54]} 38. Ke5 {[%emt 0:00:13]} Kc5 {[%emt 0:01:23]} 39. h4 {[%emt 0:03:37]} Be8 {[%emt 0:00:51]} 40. Rc2+ {[%emt 0:00:52]} Rc4 {[%emt 0:00:04]} 41. Bxf5 {[%emt 0:30:52]} b4 {[%emt 0:33:11]} 42. g4 {[%emt 0:00:15]} b3 {[%emt 0:00:24]} 43. Rd2 {[%emt 0:00:59]} Rc1 {[%emt 0:01:27]} 44. Rxd5+ {[%emt 0:00:44]} Kb4 {[%emt 0:00:00]} 45. h5 {[%emt 0:00:00]} b2 {[%emt 0:00:00]} 46. h6 {[%emt 0:00:00]} Bc6 {[%emt 0:00:00]} 47. h7 {[%emt 0:00:00]} Re1+ {[%emt 0:00:00]} 48. Kd6 {[%emt 0:00:00]} Bxd5 {[%emt 0:00:00]} 49. h8=Q {[%emt 0:00:00]} 1-0

[Event "23rd OIBM 2019"]
[Site "Gmund am Tegernsee"]
[Date "2019.11.03"]
[Round "9.25"]
[White "Zude, Arno"]
[Black "Rasch, Holger"]
[Result "1/2-1/2"]
[WhiteElo "2372"]
[BlackElo "2236"]
[Annotator "TA"]
[PlyCount "39"]
[EventDate "2019.10.17"]
[EventType "swiss"]
[EventCountry "GER"]
[SourceTitle "playchess.com"]
[Source "ChessBase"]
[SourceQuality "1"]

{[%evp 14,39,24,20,51,31,34,14,14,22,33,0,5,0,8,0,0,-18,-7,-79,-80,-92,-47,-83,-43,-32,-38,-40]} 1. e4 c5 2. Nf3 e6 3. d4 cxd4 4. Nxd4 Nc6 5. Nc3 Qc7 6. Be3 a6 7. Qd2 Nf6 8. O-O-O Be7 {B48: Sicilian: Taimanov: 5 Nc3 Qc7 6 Be3 a6 without Be2} 9. f3 b5 10. Nxc6 (10. g4 Nxd4 11. Bxd4 Bb7 12. Kb1 O-O 13. Rg1 Rac8 14. h4 Rfd8 15. Bh3 Ne8 16. g5 {½-½ (30) Dominguez Perez,L (2739)-Shankland,S (2731) Saint Louis 2019}) 10... dxc6 {The position is equal.} 11. g4 e5 12. g5 Nh5 13. Qf2 Be6 14. h4 O-O 15. Bb6 $146 ({Predecessor:} 15. Bh3 Qc8 16. Qd2 {½-½ (54) Dhyana,P (1995)-Roebers,E (2083) Mumbai 2019}) 15... Qb7 16. Be2 (16. Bh3 $11) 16... a5 $17 {[%cal Ba6a5,Ba5a4][%mdl 32]} 17. Bc5 a4 {White must now prevent ...b4.} 18. a3 $1 Rfd8 19. Rxd8+ Rxd8 20. Rd1 {Accuracy: White = 64%, Black = 43%.} 1/2-1/2

[Event "23rd OIBM 2019"]
[Site "Gmund am Tegernsee"]
[Date "2019.11.03"]
[Round "9.26"]
[White "Donchenko, Anatoly"]
[Black "Moehn, Hans"]
[Result "0-1"]
[WhiteElo "2229"]
[BlackElo "2370"]
[Annotator "TA"]
[PlyCount "92"]
[EventDate "2019.10.17"]
[EventType "swiss"]
[EventCountry "GER"]
[SourceTitle "playchess.com"]
[Source "ChessBase"]
[SourceQuality "1"]

{[%evp 10,92,20,1,26,17,8,-24,-24,-16,-15,-33,-27,-27,-28,-33,-35,-34,-39,-51,-40,-38,-54,-48,-45,-46,-54,-48,-36,-51,-39,-88,-87,-84,-75,-110,-33,-251,-250,-313,-293,-358,-350,-461,-434,-565,-372,-362,-356,-352,-339,-671,-678,-716,-716,-722,-676,-729,-718,-719,-725,-718,-700,-691,-700,-741,-738,-706,-679,-675,-667,-821,-812,-816,-814,-810,-793,-981,-959,-1032,-995,-1160,-1122,-1078,-1034]} 1. Nf3 g6 2. d4 Nf6 3. g3 Bg7 4. Bg2 O-O 5. O-O d6 6. b3 b5 {A49: 1 d4 Nf6 2 Nf3 g6 3 g3: Anti-King's Indian systems} 7. c4 $146 ({Predecessor:} 7. Bb2 Bb7 8. Nbd2 Nbd7 9. c4 bxc4 10. Nxc4 a5 11. Rc1 c5 12. dxc5 Nxc5 13. Bd4 Ncd7 14. a4 Ra6 15. Na3 Qa8 16. Nb5 Rc6 17. Rxc6 Bxc6 {0-1 (58) Meier,G (2628)-Carlsen,M (2845) Karlsruhe/Baden Baden 2019}) 7... bxc4 8. bxc4 Nbd7 {Black has an edge.} 9. Nbd2 Rb8 10. Qc2 c5 11. Bb2 cxd4 12. Nxd4 {Strongly threatening Nc6.} Bb7 13. Bxb7 Rxb7 14. Nc6 Qe8 15. Rab1 {White wants to play Bxf6.} Rc7 16. Nd4 Qa8 17. Rfc1 h5 18. Nb5 Rcc8 19. Bxf6 Nxf6 20. Nc3 {[#]} d5 $1 21. Qb3 {[%cal Rc3d5]} Bh6 22. f4 {[%cal Rc3d5]} e5 (22... dxc4 $17 23. Nxc4 g5) 23. e3 $2 ({White should play} 23. Nxd5 $15 Nxd5 24. cxd5) 23... d4 $19 {[%mdl 64] Overworked Piece} 24. exd4 exf4 25. d5 fxg3 26. Nce4 gxh2+ 27. Kg2 Nxe4 28. Nxe4 f5 ({Don't play} 28... Bxc1 29. Rxc1 f5 30. Qg3 $19) 29. Nd6 Rcd8 30. Nb7 $2 (30. Qg3 Rf6 31. Nb7 Rxd5 32. cxd5 Bxc1 33. Rxc1 Qxb7 34. Qe5) 30... Bxc1 {Black is clearly winning.} 31. c5 Rd7 32. c6 {[#]} Qe8 $1 {( -> ...Qe2+)} 33. Rxc1 Qe2+ 34. Kh1 Qe4+ {[%mdl 64] Double Attack} 35. Kxh2 Rxd5 36. Rc5 Qe2+ 37. Kh3 Qd3+ 38. Qxd3 Rxd3+ {[%mdl 4096] Endgame KRR-KRN} 39. Kg2 Rc8 40. a4 Kf7 41. Kf2 Rc7 42. Ke2 Rd4 43. a5 Re4+ 44. Kf3 Ke7 45. a6 Re6 46. Na5 Kf6 {Accuracy: White = 34%, Black = 88%.} 0-1

[Event "23rd OIBM 2019"]
[Site "Gmund am Tegernsee"]
[Date "2019.11.03"]
[Round "9.27"]
[White "Baum, Jonasz"]
[Black "Moeldner, Juergen"]
[Result "1/2-1/2"]
[WhiteElo "2341"]
[BlackElo "2234"]
[Annotator "TA"]
[PlyCount "50"]
[EventDate "2019.10.17"]
[EventType "swiss"]
[EventCountry "GER"]
[SourceTitle "playchess.com"]
[Source "ChessBase"]
[SourceQuality "1"]

{[%evp 17,50,21,37,32,56,47,55,58,44,45,49,60,64,41,35,36,33,34,29,-9,-13,0,-8,-14,0,0,0,-6,-2,-25,-11,-10,0,0,52]} 1. d4 Nf6 2. c4 g6 3. Nf3 Bg7 4. g3 O-O 5. Bg2 d6 6. O-O Nc6 7. Nc3 a6 8. Qc2 Bd7 9. Rd1 Rb8 10. e4 {E63: King's Indian: Fianchetto: Panno Variation with 7...a6} e5 11. dxe5 dxe5 12. Nd5 {White is slightly better.} Nxd5 $146 ({Predecessor:} 12... Bg4 13. Bg5 Nd4 14. Rxd4 exd4 15. e5 Bf5 16. Qc1 h6 17. Nxf6+ Kh8 18. Bxh6 Bxf6 19. exf6 Qxf6 20. Bxf8 Rxf8 {1-0 (66) Koneru,H (2557)-Kashlinskaya,A (2429) Doha 2016}) 13. cxd5 Nd4 14. Nxd4 exd4 15. Bf4 Rc8 16. Qb3 b6 17. Rac1 Re8 18. Rc4 c5 19. dxc6 Be6 {[#] White must now prevent ...b5.} 20. Qd3 {Rc2 is the strong threat.} Bxc4 21. Qxc4 {Hoping for Bh3.} g5 22. Bd2 Re6 23. e5 b5 24. Qd3 Rxe5 25. Rc1 Re6 {Accuracy: White = 58%, Black = 69%.} (25... Qd6 $11) 1/2-1/2

[Event "23rd OIBM 2019"]
[Site "Gmund am Tegernsee"]
[Date "2019.11.03"]
[Round "9.28"]
[White "Hedke, Fred"]
[Black "Faerber, David"]
[Result "1/2-1/2"]
[WhiteElo "2225"]
[BlackElo "2332"]
[Annotator "TA"]
[PlyCount "58"]
[EventDate "2019.10.17"]
[EventType "swiss"]
[EventCountry "GER"]
[SourceTitle "playchess.com"]
[Source "ChessBase"]
[SourceQuality "1"]

{[%evp 12,58,4,0,0,-39,-27,-20,-7,-29,0,-46,-48,-50,-49,-48,-53,-57,-50,-118,-104,-108,-99,-83,-83,-85,-87,-93,-70,-118,-21,-14,-14,-14,-14,-14,-14,-14,-12,-12,-13,0,0,0,0,0,0,0,0]} 1. e4 c6 2. c4 d5 3. cxd5 cxd5 4. exd5 Nf6 5. Nf3 Nxd5 6. d4 Nc6 7. Nc3 Bf5 {Black wants to play ...Ndb4. B13: Caro-Kann: Exchange Variation and Panov-Botvinnik Attack} 8. a3 e6 9. Bc4 Be7 $146 ({Predecessor:} 9... Nb6 10. Bb5 Bd6 11. Bg5 Be7 12. Bxe7 Qxe7 13. Ne5 Qd6 14. g4 Bg6 {1-0 (42) Mamedov,R (2561)-Kadimova,I (2330) Izmir 2006}) 10. O-O O-O 11. Be3 Nxc3 12. bxc3 Rc8 13. Be2 Na5 14. Qa4 a6 $36 {[%mdl 2048] Black fights for an advantage.} 15. d5 (15. Rfc1 $1 $15) 15... b5 16. Qd1 Qxd5 17. Qxd5 exd5 18. a4 {[#] Black must now prevent Nd4.} Nc4 $1 ({Much weaker is} 18... Rxc3 $6 19. axb5 Nb3 20. Rxa6 $14) 19. axb5 {Bxc4 is the strong threat.} axb5 20. Nd4 Bd7 (20... Nxe3 $17 21. fxe3 Bg6) 21. Ra7 $11 {Threatens to win with Bxc4.The position is equal.} Rfd8 22. Rxd7 {[%mdl 64] [#] Remove Defender} Rxd7 23. Bg4 Rdd8 24. Bxc8 Rxc8 25. Nxb5 Nxe3 26. fxe3 {KRB-KRN} g6 27. Rd1 Rc5 28. Rb1 Rc4 29. Kf2 Bf6 {Accuracy: White = 71%, Black = 60%.} 1/2-1/2

[Event "23rd OIBM 2019"]
[Site "Gmund am Tegernsee"]
[Date "2019.11.03"]
[Round "9.29"]
[White "Ludvik, Tomas"]
[Black "Sieglen, Joachim"]
[Result "1/2-1/2"]
[WhiteElo "2305"]
[BlackElo "2187"]
[Annotator "TA"]
[PlyCount "35"]
[EventDate "2019.10.17"]
[EventType "swiss"]
[EventCountry "GER"]
[SourceTitle "playchess.com"]
[Source "ChessBase"]
[SourceQuality "1"]

{[%evp 23,35,50,51,40,49,35,57,31,22,17,68,0,0,0]} 1. d4 Nf6 2. c4 c5 3. d5 b5 4. cxb5 a6 5. bxa6 g6 6. Nc3 Bg7 7. Nf3 O-O 8. e4 Qa5 9. Bd2 Bxa6 10. Be2 d6 11. O-O Qb4 12. Bxa6 Nxa6 13. Qc2 {A57: Benko/Volga Gambit} Qc4 $146 ({Predecessor:} 13... Rfb8 14. Rab1 Qb7 15. a3 Qb3 16. Rfc1 Nd7 17. Bg5 Kf8 18. Qxb3 Rxb3 19. Nd2 Rb7 20. Nc4 Ne5 {½-½ (31) Olsen,F (2309)-Haubro,M (2358) Ballerup 2018}) 14. a3 {[#] aiming for b3.} Rfb8 15. Rfb1 {Threatens to win with b3.} Qb3 16. Qc1 Qc4 (16... Nc7 $11) 17. Qc2 (17. Bh6 $1 $14) 17... Qb3 $11 18. Qc1 1/2-1/2

[Event "23rd OIBM 2019"]
[Site "Gmund am Tegernsee"]
[Date "2019.11.03"]
[Round "9.30"]
[White "Prraneeth Vuppala"]
[Black "Marin, Mihail"]
[Result "1-0"]
[WhiteElo "2149"]
[BlackElo "2524"]
[Annotator "TA"]
[PlyCount "47"]
[EventDate "2019.10.17"]
[EventType "swiss"]
[EventCountry "GER"]
[SourceTitle "playchess.com"]
[Source "ChessBase"]
[SourceQuality "1"]

{[%evp 9,47,8,8,0,4,5,20,-7,22,22,48,41,111,97,91,97,96,89,132,131,110,115,94,85,139,153,214,199,225,223,300,321,329,324,326,333,325,238,305,323]} 1. d4 e6 2. c4 Bb4+ 3. Bd2 a5 4. e4 d6 (4... d5 5. a3 Bxd2+ 6. Nxd2 dxe4 7. Nxe4 Nf6 8. Nc3 O-O 9. Be2 Na6 10. Nf3 c5 11. O-O Qb6 12. Na4 Qc7 13. Nxc5 Nxc5 14. dxc5 Qxc5 15. Qd4 Qxd4 16. Nxd4 a4 17. f4 Bd7 18. Bf3 Rac8 19. Rac1 Rc7 {½-½ (19) Goryachkina,A (2504)-Edouard,R (2658) Skopje 2019}) 5. Nf3 Nf6 6. Bd3 {A40: Unusual replies to 1 d4} e5 7. Nc3 Nc6 8. a3 {The position is equal.} Bxc3 9. Bxc3 {[%cal Rd4e5]} exd4 10. Nxd4 Ne5 (10... Nxd4 $14 11. Bxd4 O-O) 11. f4 $146 ({Predecessor:} 11. O-O O-O 12. f4 Nxd3 {0-1 (36) Coathup,R (2159)-Cooper,J (2278) Reading 2017}) 11... Nxd3+ 12. Qxd3 O-O 13. O-O Ng4 14. h3 Nh6 15. Qg3 f6 16. Rae1 c5 ({Black should try} 16... Nf7) 17. Nb5 $16 Be6 (17... Ra6 $16 {might work better.} 18. e5 Nf5) 18. b3 $40 {[%mdl 128] White wants a kill.} Nf7 19. Rd1 Ra6 20. e5 fxe5 21. fxe5 Qg5 22. Qxg5 Nxg5 23. Rxf8+ (23. Nxd6 Rxf1+ 24. Rxf1 Rb6 $16) (23. Rxd6 Rxd6 24. Nxd6 Rxf1+ 25. Kxf1 b6 $16) (23. exd6 $6 Rxf1+ 24. Rxf1 Bd7 $16) 23... Kxf8 24. Bd2 {Accuracy: White = 73%, Black = 27%.} ({Not} 24. Nxd6 b6 $16) ({Weaker is} 24. Rxd6 Rxd6 25. Nxd6 b6 $16) ({Resist} 24. exd6 $6 Bd7 $18) 1-0

[Event "23rd OIBM 2019"]
[Site "Gmund am Tegernsee"]
[Date "2019.11.03"]
[Round "9.31"]
[White "Goldbeck, Lars"]
[Black "Zajogin, Alexander"]
[Result "0-1"]
[WhiteElo "2203"]
[BlackElo "2426"]
[Annotator "TA"]
[PlyCount "74"]
[EventDate "2019.10.17"]
[EventType "swiss"]
[EventCountry "GER"]
[SourceTitle "playchess.com"]
[Source "ChessBase"]
[SourceQuality "1"]

{[%evp 9,74,10,12,7,25,16,21,17,18,-26,-19,-11,4,-3,48,0,-17,-10,17,-4,-13,-114,-19,-41,-61,-64,-60,-64,-59,-70,-73,-70,-26,-40,-43,-49,-47,-37,-45,-104,-139,-278,-262,-257,-243,-204,-206,-200,-184,-383,-406,-572,-563,-657,-534,-795,-595,-1237,-777,-754,-738,-1346,-1270,-29982,-29983,-29991,-29992]} 1. Nf3 e6 2. c4 Nf6 3. e3 b6 4. d4 Bb4+ 5. Bd2 a5 6. Bd3 {E11: Bogo-Indian} d5 7. cxd5 exd5 8. Qa4+ $146 {The position is equal.} ({Predecessor:} 8. Ne5 O-O 9. O-O Bb7 10. Nc3 Re8 11. Rc1 c6 12. f4 Nbd7 13. Rf3 Bxc3 14. Bxc3 {1-0 (21) Gavrilov,A (2491)-Van Egmond,R (2151) Leiden 2017}) 8... Qd7 9. Bb5 c6 10. Bd3 Qe7 11. Ne5 O-O (11... Ba6 $11) 12. O-O Bd6 13. f4 Ne4 14. Bxe4 dxe4 15. f5 (15. Nc3 $11 {keeps the balance.}) 15... f6 ({Much less strong is} 15... Bxe5 16. dxe5 Qxe5 17. Bc3 $15) ({Better is} 15... Nd7 $17 16. Nxd7 (16. Nxc6 Qh4 $17) (16. Qxc6 Nxe5 17. dxe5 Qxe5 $17 {[%mdl 64] Double Attack}) 16... Bxd7) 16. Qb3+ Kh8 17. Nc4 a4 $1 {[%cal Ra4b3]} 18. Qc2 Bc7 $36 {[%mdl 2048] Black is pushing.} 19. Be1 $1 Ba6 20. Bg3 Bxg3 (20... c5 $5 {[%cal Rc7g3]} 21. Bxc7 Qxc7 $15) 21. hxg3 b5 22. Ncd2 b4 {Threatens to win with ...Bd3.} 23. Nc4 c5 {White must now prevent ...cxd4.} 24. Rf4 {[#]} (24. d5 $1 $15) 24... cxd4 $1 $17 25. exd4 (25. Rxe4 $17 {keeps fighting.} Qc5 26. Rxd4) 25... Bxc4 26. Qxc4 e3 {Hoping for ...e2.} 27. Qe2 Re8 28. a3 Nc6 {[%cal Bb8c6,Bc6d4,Bd4c2,Bc2e1][%mdl 32] And now ...Rad8 would win.} 29. axb4 $2 (29. d5 Na5 30. Rxb4) 29... Qxb4 $19 30. Nc3 (30. d5 $142 Nd4 31. Kh2) 30... a3 {[%cal Ba4a3,Ba3a2][%mdl 32]} 31. Rb1 a2 32. Ra1 Nxd4 33. Qe1 Nc2 34. Rxb4 Nxe1 35. Rxa2 Rxa2 36. Nxa2 e2 37. Nc1 {[#]} Nf3+ $1 {[%mdl 576] Clearance, Promotion. Accuracy: White = 38%, Black = 60%.} 0-1

[Event "23rd OIBM 2019"]
[Site "Gmund am Tegernsee"]
[Date "2019.11.03"]
[Round "9.32"]
[White "Badelka, Olga"]
[Black "Richter, Nils"]
[Result "1-0"]
[WhiteElo "2413"]
[BlackElo "2213"]
[Annotator "RC"]
[PlyCount "103"]
[EventDate "2019.10.17"]
[EventType "swiss"]
[EventCountry "GER"]
[SourceTitle "playchess.com"]
[Source "ChessBase"]
[SourceQuality "1"]
[TimeControl "40/5400+30:1800+30"]

1. d4 {[%emt 0:00:00]} Nf6 {[%emt 0:00:00]} 2. c4 {[%emt 0:00:00]} g6 {[%emt 0:00:00]} 3. Nc3 {[%emt 0:00:00]} Bg7 {[%emt 0:00:00]} 4. e4 {[%emt 0:00:00]} d6 {[%emt 0:00:03]} 5. Nf3 {[%emt 0:00:00]} O-O {[%emt 0:00:14]} 6. h3 {[%emt 0:00:00]} e5 {[%emt 0:00:25]} 7. d5 {[%emt 0:00:00]} Nh5 {[%emt 0:00:27]} 8. g3 {[%emt 0:00:12]} Na6 {[%emt 0:00:48]} 9. Bg2 {[%emt 0:04:41]} f5 {[%emt 0:01:01]} 10. exf5 {[%emt 0:00:20]} gxf5 {[%emt 0:00:13]} 11. Ng5 {[%emt 0:01:00]} Nf6 {[%emt 0:00:50]} 12. O-O {[%emt 0:02:24]} h6 {[%emt 0:05:18]} 13. Nf3 {[%emt 0:00:05]} c5 {[%emt 0:13:11]} 14. dxc6 {[%emt 0:09:22]} bxc6 {[%emt 0:00:10]} 15. Nh4 {[%emt 0:00:14]} Qc7 {[%emt 0:01:42]} 16. Qa4 {[%emt 0:09:26]} e4 {[%emt 0:03:54]} 17. Be3 {[%emt 0:00:29]} Nd7 {[%emt 0:02:55]} 18. Ng6 {[%emt 0:10:42]} Re8 {[%emt 0:01:52]} 19. Rad1 {[%emt 0:07:47]} Kh7 {[%emt 0:08:28]} 20. Nf4 {[%emt 0:00:31]} Nb6 {[%emt 0:04:26]} 21. Qc2 {[%emt 0:24:31]} Nxc4 {[%emt 0:02:50]} 22. Nxe4 {[%emt 0:00:04]} d5 {[%emt 0:07:36]} 23. Nc5 {[%emt 0:07:07]} Nxe3 {[%emt 0:02:07]} 24. fxe3 {[%emt 0:00:04]} Qe5 {[%emt 0:06:23]} 25. Nxa6 {[%emt 0:02:31]} Bxa6 {[%emt 0:00:15]} 26. Rfe1 {[%emt 0:00:51]} Rac8 {[%emt 0:05:07]} 27. b3 {[%emt 0:00:05]} Kg8 {[%emt 0:01:26]} 28. h4 {[%emt 0:01:53]} Bb7 {[%emt 0:04:27]} 29. Bh3 {[%emt 0:01:13]} Rf8 {[%emt 0:01:05]} 30. Kh2 {[%emt 0:01:02]} Rf7 {[%emt 0:01:16]} 31. Qc5 {[%emt 0:04:45]} Re8 {[%emt 0:07:31]} 32. Rc1 {[%emt 0:02:43]} a5 {[%emt 0:02:44]} 33. Bg2 {[%emt 0:04:17]} Ra8 {[%emt 0:01:08]} 34. Nd3 {[%emt 0:00:57]} Qf6 {[%emt 0:01:20]} 35. a4 {[%emt 0:00:45]} Ba6 {[%emt 0:01:22]} 36. Qxa5 {[%emt 0:02:23]} Raa7 {[%emt 0:01:32]} 37. Qd2 {[%emt 0:00:25]} Bxd3 {[%emt 0:02:18]} 38. Qxd3 {[%emt 0:00:03]} Qd6 {[%emt 0:00:05]} 39. e4 {[%emt 0:02:58]} fxe4 {[%emt 0:03:02]} 40. Rxe4 {[%emt 0:00:31]} Be5 {[%emt 0:08:23]} 41. Rxe5 {[%emt 0:05:58]} Qxe5 {[%emt 0:00:21]} 42. Rxc6 {[%emt 0:00:04]} Rad7 {[%emt 0:04:21]} 43. a5 {[%emt 0:07:43]} d4 {[%emt 0:03:11]} 44. a6 {[%emt 0:01:52]} Qf5 {[%emt 0:01:23]} 45. Qxf5 {[%emt 0:03:05]} Rxf5 {[%emt 0:00:01]} 46. Bh3 {[%emt 0:00:07]} Rf2+ {[%emt 0:04:18]} 47. Kg1 {[%emt 0:00:04]} Rdf7 {[%emt 0:00:32]} 48. Be6 {[%emt 0:00:03]} Rf1+ {[%emt 0:00:55]} 49. Kg2 {[%emt 0:00:03]} R1f2+ {[%emt 0:00:09]} 50. Kh3 {[%emt 0:00:03]} d3 {[%emt 0:00:41]} 51. a7 {[%emt 0:01:03]} Ra2 {[%emt 0:00:10]} 52. Rc7 {[%emt 0:00:12]} 1-0

[Event "23rd OIBM 2019"]
[Site "Gmund am Tegernsee"]
[Date "2019.11.03"]
[Round "9.33"]
[White "Wiechert, Hans"]
[Black "Gschnitzer, Adrian"]
[Result "1/2-1/2"]
[WhiteElo "2187"]
[BlackElo "2412"]
[Annotator "RC"]
[PlyCount "52"]
[EventDate "2019.10.17"]
[EventType "swiss"]
[EventCountry "GER"]
[SourceTitle "playchess.com"]
[Source "ChessBase"]
[SourceQuality "1"]
[TimeControl "40/5400+30:1800+30"]

1. Nf3 {[%emt 0:00:00]} Nf6 {[%emt 0:00:00]} 2. c4 {[%emt 0:00:00]} c5 {[%emt 0:00:00]} 3. g3 {[%emt 0:00:13]} d5 {[%emt 0:00:00]} 4. cxd5 {[%emt 0:00:11]} Nxd5 {[%emt 0:00:03]} 5. Bg2 {[%emt 0:00:28]} Nc6 {[%emt 0:00:08]} 6. d4 {[%emt 0:00:14]} cxd4 {[%emt 0:01:18]} 7. Nxd4 {[%emt 0:00:11]} Ndb4 {[%emt 0:00:42]} 8. Nxc6 {[%emt 0:00:15]} Qxd1+ {[%emt 0:00:07]} 9. Kxd1 {[%emt 0:00:10]} Nxc6 {[%emt 0:00:07]} 10. Bxc6+ {[%emt 0:00:08]} bxc6 {[%emt 0:00:11]} 11. Nc3 {[%emt 0:00:07]} e5 {[%emt 0:08:28]} 12. Be3 {[%emt 0:04:41]} Be7 {[%emt 0:04:57]} 13. Kd2 {[%emt 0:02:11]} Rb8 {[%emt 0:04:53]} 14. b3 {[%emt 0:07:06]} Bf5 {[%emt 0:01:55]} 15. Na4 {[%emt 0:05:25]} O-O {[%emt 0:06:32]} 16. Nc5 {[%emt 0:10:07]} Rb5 {[%emt 0:06:37]} 17. Rhc1 {[%emt 0:07:02]} Bh3 {[%emt 0:17:35]} 18. Rc4 {[%emt 0:06:45]} f5 {[%emt 0:02:32]} 19. Rac1 {[%emt 0:01:45]} f4 {[%emt 0:01:56]} 20. gxf4 {[%emt 0:00:18]} exf4 {[%emt 0:00:27]} 21. Bd4 {[%emt 0:00:48]} Rd8 {[%emt 0:01:53]} 22. e3 {[%emt 0:02:16]} fxe3+ {[%emt 0:12:34]} 23. fxe3 {[%emt 0:00:30]} Rf8 {[%emt 0:00:06]} 24. Nd3 {[%emt 0:00:30]} Rg5 {[%emt 0:05:31]} 25. Nf4 {[%emt 0:03:16]} Bd7 {[%emt 0:00:19]} 26. Bc5 {[%emt 0:05:01]} Kf7 {[%emt 0:06:36]} 1/2-1/2